Mapa de capitales de América del Sur - Estadísticas

Estadísticas generales
  • Esta prueba ha sido intentada 11.602 veces
  • La puntuación promedio es 10 de 13
Respuestas en el mapa
Las respuestas están codificadas por una escala verde-roja en el mapa de la prueba según el % correcto abajo.
 
Estadísticas de respuestas
Respuesta % Correcto
Brasilia
91%
Buenos Aires
91%
Santiago
89%
Lima
86%
Montevideo
86%
Bogotá
85%
Caracas
83%
Quito
82%
Asunción
79%
Sucre
71%
Georgetown
70%
La Paz
69%
Paramaribo
59%
No se encontraron pruebas coincidentes
Distribución de puntuación
Porcentaje de gente con cada puntuación
Porcentaje por número respondido
Historial de tus puntuaciones
No has intentado esta prueba.